Establishment of Agricultural University in Maharashtra; (Record no. 85828)

MARC details
000 -LEADER
fixed length control field 00798cam a2200241 4500
001 - CONTROL NUMBER
control field sa 68014488
003 - CONTROL NUMBER IDENTIFIER
control field DLC
005 - DATE AND TIME OF LATEST TRANSACTION
control field 20260227112632.0
008 - FIXED-LENGTH DATA ELEMENTS--GENERAL INFORMATION
fixed length control field 700205s1966 ii 000 0 eng
010 ## - LIBRARY OF CONGRESS CONTROL NUMBER
LC control number sa 68014488
025 ## - OVERSEAS ACQUISITION NUMBER
Overseas acquisition number PL480:I-E-10772
040 ## - CATALOGING SOURCE
Original cataloging agency DLC
Transcribing agency DLC
Modifying agency DLC
050 00 - LIBRARY OF CONGRESS CALL NUMBER
Classification number S539.I4
Item number M3
082 00 - DEWEY DECIMAL CLASSIFICATION NUMBER
Classification number 630/.71/154792
110 1# - MAIN ENTRY--CORPORATE NAME
Corporate name or jurisdiction name as entry element Maharashtra, India (State).
Subordinate unit Advisory Committee for the Establishment of Agricultural University in Maharashtra State.
245 10 - TITLE STATEMENT
Title Establishment of Agricultural University in Maharashtra;
Remainder of title report.
260 ## - PUBLICATION, DISTRIBUTION, ETC.
Place of publication, distribution, etc. [Bombay,
Date of publication, distribution, etc. 1966?]
300 ## - PHYSICAL DESCRIPTION
Extent 1 v. (various pagings)
Dimensions 31 cm.
350 ## - PRICE (NR) (BK AM CF MU VM SE) [OBSOLETE]
Price 10.00
500 ## - GENERAL NOTE
General note Caption title.
500 ## - GENERAL NOTE
General note L.C. copy imperfect: cover and t.p. wanting.
650 #0 - SUBJECT ADDED ENTRY--TOPICAL TERM
Topical term or geographic name entry element Agricultural colleges
Geographic subdivision India
-- Maharashtra.

No items available.

Powered by Koha